000 01204nam a2200217Ia 4500
001 117
003 GE_BSU
008 181216s||||||||xx |||||||||||||| ||und||
020 _a9789941010873
040 _cGE_BSU
080 _aUDC339.138
100 _aტოლიაშვილი, პაპუნა; ბაიდარაშვილი, გიორგი; ხოსიაშვილი, დავით; და სხვა.
245 _aვინ გაყიდის ხვალ. ჟურნალ ”სტრატეგია და ორგანიზაციის” საუკეთესო კრებული
245 _cავტ.ჯგუფი:ტოლიაშვილი, პაპუნა; ბაიდარაშვილი, გიორგი; ხოსიაშვილი, დავით; და სხვა.
260 _aთბილისი
260 _bსინერჯის ბიზნეს გამომცემლობა
300 _a180გვ.
541 _h20 ლ.
653 _aმარკეტინგი, მენეჯმენტი, გაყიდვების ორგანიზაცია
942 _cBK
999 _c34412
_d34412